书目信息 |
| 题名: |
工业部门价格形成问题
|
|
| 作者: | Клита , 克利塔 著 ;胡昌暖 译 | |
| 分册: | ||
| 出版信息: | 北京 中国财政经济出版社 1982 |
|
| 页数: | 163页 | |
| 开本: | 19cm | |
| 丛书名: | ||
| 单 册: | ||
| 中图分类: | F405 | |
| 科图分类: | ||
| 主题词: | 工业部门-价格构成 , 价格构成-工业部门 | |
| 电子资源: | ||
| ISBN: | ||
| 000 | 00952nam0 2200289 45 | |
| 001 | 0182003079 | |
| 005 | 20060802090640.40 | |
| 010 | @dCNY0.52 | |
| 091 | @aCN@b4166.394 | |
| 100 | @a19950227d1982 em y0chiy0121 ea | |
| 101 | 1 | @achi@crus |
| 102 | @aCN@b110000 | |
| 105 | @ay z 000yy | |
| 200 | 10 | @a工业部门价格形成问题@Agong ye bu men jia ge xing cheng wen ti@f克利塔(Н.С. Клита)等著@g胡昌暖等译 |
| 210 | @a北京@c中国财政经济出版社@d1982 | |
| 215 | @a163页@d19cm | |
| 300 | @a书名原文:Ценообразование в промышлнности | |
| 510 | 1 | @aЦенообразование в промышлнности@zrus |
| 606 | @a工业部门-价格构成 | |
| 606 | @a价格构成-工业部门 | |
| 690 | @aF405@v3 | |
| 701 | A1 | @aКлита@AКлита@bН.С.@4著 |
| 701 | 1 | @a克利塔@Ake li ta@4编@bН.С. |
| 702 | 0 | @a胡昌暖@Ahu chang nuan@4译 |
| 801 | 2 | @aCN@bNLC@c20060802 |
| 801 | 0 | @aCN@bTSSF |
| 905 | @a10447@dF405@e97 | |
| 工业部门价格形成问题/克利塔(Н.С. Клита)等著/胡昌暖等译.-北京:中国财政经济出版社,1982 |
| 163页;19cm |
| 书名原文:Ценообразование в промышлнности |
| ISBN :CNY0.52 |
| ● |
| 相关链接 |
|
|
|
|
正题名:工业部门价格形成问题
索取号:F405/97
 
预约/预借
| 序号 | 登录号 | 条形码 | 馆藏地/架位号 | 状态 | 备注 |
| 1 | 0441704 | 204417041 | 密集书库/ [索取号:F405/97] | 在馆 |